| 000 | 00577nam a2200181 i 4500 | ||
|---|---|---|---|
| 001 | 82557 | ||
| 003 | ES-MaACL | ||
| 005 | 20230906174708.0 | ||
| 007 | t| | ||
| 008 | 041111s1932 sp ||||1| spa d | ||
| 080 | _a656.2(460) | ||
| 100 | 1 |
_aImedio Díaz, Alfonso. _965217 |
|
| 245 | 1 | 3 |
_aEl consultor ferroviario : _brespuesta a cuatrocientas consultas sobre materia ferroviaria / _cpor Alfonso Imedio Díaz. |
| 260 |
_aMadrid : _b[s.n.], _c1932 ( _fSáez Hermanos) |
||
| 300 |
_a496 p. ; _c22 cm. |
||
| 650 | 4 |
_aFerrocarriles- _zEspaña. _912761 |
|
| 852 | 4 |
_aES-MaACL _jA-1052 |
|
| 999 |
_c82557 _d82557 |
||